| Поле | Название | Значение |
| |
Тип записи |
a |
| |
Библиографический уровень |
m |
| 001 |
Контрольный номер |
RU/SLIB/B/208766614 |
| 005 |
Дата корректировки |
20201206204243.5 |
| 010 |
Индекс ISBN |
__ |
| d |
Цена |
600-00 |
| 101 |
Язык документа |
__ |
| a |
Язык текста |
rus |
| 200 |
Заглавие и сведения об ответственности |
__ |
| a |
Заглавие |
Отечественные издания XVIII в. |
| e |
Сведения, относящиеся к заглавию |
каталог |
| f |
Первые сведения об ответственности |
Гос. б-ка им. В. И. Ленина ; под ред. Е. Л. Немировского |
| b |
Общее обозначение материала |
Текст |
| 210 |
Выходные данные |
__ |
| a |
Место издания |
М. |
| c |
Издательство |
Гос. б-ка СССР им. В. И. Ленина |
| d |
Дата издания |
1979 |
| 215 |
Физическое описание |
__ |
| a |
Объем |
48 с. |
| 225 |
Серия |
__ |
| a |
Серия |
Книжные сокровища Государственной библиотеки СССР им. В. И. Ленина |
| h |
Номер части |
Вып. 2 |
| 320 |
Библиография |
__ |
| a |
Библиография |
Указ. имен: с. 44-45 |
| 330 |
Аннотация |
__ |
| a |
Аннотация |
в выпуск включены библиографические описания и аннотации 107 наиболее примечательных памятников из коллекции отечественных изданий XVIII в. |
| 606 |
Тематические рубрики |
__ |
| a |
Основная рубрика |
Литература универсального содержания |
| z |
Хронологическая подрубрика |
18 в. |
| y |
Географическая подрубрика |
Россия |
| 606 |
Тематические рубрики |
__ |
| a |
Основная рубрика |
Библиографические пособия |
| 606 |
Тематические рубрики |
__ |
| a |
Основная рубрика |
Библиотечное дело |
| 606 |
Тематические рубрики |
__ |
| a |
Основная рубрика |
Библиотечные фонды |
| 610 |
Ключевые слова |
__ |
| a |
Ключевые слова |
научные книги; гражданская печать; гравировальное искусство; библиография; книговедение; история книги; библиографическая информация; библиографические данные; библиографические записи |
| 686 |
Индексы других классификаций |
__ |
| a |
Классификационный индекс |
91.9:78 |
| 686 |
Индексы других классификаций |
__ |
| a |
Классификационный индекс |
78.36я1 |
| 702 |
Вторичная интеллектуальная ответственность |
_1 |
| a |
Фамилия |
Немировский |
| b |
Имя |
Е. Л. |
| 4 |
Код отношения |
Редактор |
| 4 |
Код отношения |
340 |
| 801 |
Источник записи |
_0 |
| a |
Страна |
RU |
| b |
Организация |
Муниципальное бюджетное учреждение культуры "Централизованная библиотечная система" г. Сургут (Центральная городская библиотека им. А. С. Пушкина) |
| g |
Правила каталогизации |
КиК/Гришунина |
| 801 |
Источник записи |
_1 |
| a |
Страна |
RU |
| b |
Организация |
Муниципальное бюджетное учреждение культуры "Централизованная библиотечная система" г. Сургут (Центральная городская библиотека им. А. С. Пушкина) |
| g |
Правила каталогизации |
КиК/Гришунина |
| 852 |
Данные о местонахождении |
__ |
| j |
Шифр хранения |
91.9:78 |
| i |
Авторский знак |
О-82 |
| p |
Инвентарный номер |
04061032 |
| 901 |
Тип документа |
__ |
| t |
Тип документа |
m |
| 903 |
Характеристики (МАРС) |
__ |
| a |
Дата передачи |
20040609 |
| 969 |
Тип издания |
__ |
| a |
Тип издания |
каталог |
| 990 |
Данные о заказе (DOS) |
__ |
| j |
Количество экземпляров (DOS) |
1 |
| t |
N записи в КСУ для И/У (DOS) |
200406 |